Pháp luật đại cương

Sách trình bày những vấn đề cơ bản về Nhà nước, những vấn đề chung về pháp luật và pháp chế xã hội chủ nghĩa; đồng thời giới thiệu về hệ thống pháp luật Việt Nam.

Uloženo v:
Podrobná bibliografie
Hlavní autor: Phạm, Hồng Thái
Médium: Kniha
Jazyk:Undetermined
Vydáno: Đồng Nai Nhà xuất bản Đồng Nai 1998
Témata:
Tagy: Přidat tag
Žádné tagy, Buďte první, kdo otaguje tento záznam!
Thư viện lưu trữ: Trung tâm Học liệu Trường Đại học Cần Thơ
LEADER 00902nam a2200229Ia 4500
001 CTU_25295
008 210402s9999 xx 000 0 und d
020 |c 32000 
082 |a 340.597 
082 |b Th103 
100 |a Phạm, Hồng Thái 
245 0 |a Pháp luật đại cương 
245 0 |c Phạm Hồng Thái, Đinh Văn Mậu 
260 |a Đồng Nai 
260 |b Nhà xuất bản Đồng Nai 
260 |c 1998 
520 |a Sách trình bày những vấn đề cơ bản về Nhà nước, những vấn đề chung về pháp luật và pháp chế xã hội chủ nghĩa; đồng thời giới thiệu về hệ thống pháp luật Việt Nam. 
650 |a Law,Law 
650 |x Study and teaching 
650 |z Vietnam 
904 |i Năm 
980 |a Trung tâm Học liệu Trường Đại học Cần Thơ